Microfinance for bankers and investors : (Record no. 307828)
[ view plain ]
| 000 -LEADER | |
|---|---|
| fixed length control field | 01058nam a2200325 a 4500 |
| 001 - CONTROL NUMBER | |
| control field | vtls000351979 |
| 003 - CONTROL NUMBER IDENTIFIER | |
| control field | NLI |
| 005 - DATE AND TIME OF LATEST TRANSACTION | |
| control field | 20210602165743.0 |
| 008 - FIXED-LENGTH DATA ELEMENTS--GENERAL INFORMATION | |
| fixed length control field | 110113s2009 ii e 001 0 eng d |
| 020 ## - INTERNATIONAL STANDARD BOOK NUMBER | |
| International Standard Book Number | 9780070677333 |
| Terms of availability | N.P. |
| 039 #9 - LEVEL OF BIBLIOGRAPHIC CONTROL AND CODING DETAIL [OBSOLETE] | |
| -- | 201101132018 |
| -- | VLOAD |
| 040 ## - CATALOGING SOURCE | |
| Original cataloging agency | NLI : |
| Language of cataloging | eng |
| Transcribing agency | NLMARC21 |
| 041 0# - LANGUAGE CODE | |
| Language code of text/sound track or separate title | eng |
| 044 ## - COUNTRY OF PUBLISHING/PRODUCING ENTITY CODE | |
| MARC country code | ii |
| 082 04 - DEWEY DECIMAL CLASSIFICATION NUMBER | |
| Classification number | 332.1 |
| Edition number | 22 |
| 100 1# - MAIN ENTRY--PERSONAL NAME | |
| Personal name | Rhyne, Elisabeth |
| 9 (RLIN) | 518438 |
| 245 10 - TITLE STATEMENT | |
| Title | Microfinance for bankers and investors : |
| Remainder of title | understanding the opportunities and challenges of the market at the bottom of the pyramid/ |
| Statement of responsibility, etc. | Elisabeth Rhyne |
| 260 ## - PUBLICATION, DISTRIBUTION, ETC. | |
| Place of publication, distribution, etc. | New Delhi : |
| Name of publisher, distributor, etc. | Tata McGraw-Hill Education, |
| Date of publication, distribution, etc. | 2009 |
| 300 ## - PHYSICAL DESCRIPTION | |
| Extent | xiv, 330p.; |
| Dimensions | 23 cm. |
| 504 ## - BIBLIOGRAPHY, ETC. NOTE | |
| Bibliography, etc. note | Includes bibliographical references and index: p.299-330 |
| 650 #0 - SUBJECT ADDED ENTRY--TOPICAL TERM | |
| Topical term or geographic name entry element | Microfinance |
| 9 (RLIN) | 69464 |
| 650 #0 - SUBJECT ADDED ENTRY--TOPICAL TERM | |
| Topical term or geographic name entry element | Bankers |
| General subdivision | Microfinance |
| 9 (RLIN) | 518439 |
| 887 ## - NON-MARC INFORMATION FIELD | |
| Content of non-MARC field | Sanjib Karmakar |
| 901 ## - LOCAL DATA ELEMENT A, LDA (RLIN) | |
| a | DB 115062 |
| b | 30.11.09 |
| 902 ## - LOCAL DATA ELEMENT B, LDB (RLIN) | |
| a | E 332.1 R 349 |
| 904 ## - LOCAL DATA ELEMENT D, LDD (RLIN) | |
| a | Sanjib Karmakar |
| 942 ## - ADDED ENTRY ELEMENTS (KOHA) | |
| Source of classification or shelving scheme | Dewey Decimal Classification |
| Koha item type | Books |
| 949 ## - LOCAL PROCESSING INFORMATION (OCLC) | |
| -- | VIRTUAITEM |
| -- | 10000 |
| -- | 100 |
| 6 | DBA000115062ENG |
| Withdrawn status | Lost status | Damaged status | Not for loan | Collection code | Home library | Current library | Shelving location | Date acquired | Total Checkouts | Full call number | Barcode | Date last seen | Price effective from | Koha item type |
|---|---|---|---|---|---|---|---|---|---|---|---|---|---|---|
| New English | National Library of India | National Library of India | New English - Main Stack Division | E 332.1 R 349 | DBA000115062ENG | 02/06/2021 | 02/06/2021 | Books |
